| 000 | 00882nam a2200265 a 4500 | ||
|---|---|---|---|
| 001 | 2370 | ||
| 003 | CDMR | ||
| 005 | 20151016134202.0 | ||
| 008 | 130130s1999||||||||||||||||||||||||||||d | ||
| 020 | _a8473066170 | ||
| 040 |
_aCDMR _bcat _cCPC LLEIDA |
||
| 100 | 1 |
_aMoragas Spà, Miquel de _9475 |
|
| 245 | 1 | 3 |
_aLa televisió pública a l'era digital _cMiquel de Moragas i Emili Prado |
| 260 |
_aBarcelona _bPòrtic |
||
| 260 |
_bIncom _c2000 |
||
| 300 | _a414 p. | ||
| 490 | 0 |
_aPòrtic (Centre d'Investigació d ela Comunicació) _v4 |
|
| 500 | _aA la contracoberta: CAC Consell de l'Audiovisual de Catalunya | ||
| 650 | 0 | 5 |
_93108 _aTelevisió pública |
| 650 | 0 | 5 |
_93079 _aMitjans de comunicació digitals |
| 700 | 1 |
_91846 _aPrado, Emilio |
|
| 710 | 1 |
_9304 _aCentre d'Investigació de la Comunicació |
|
| 710 | 1 |
_9828 _aConsell de l'Audiovisual de Catalunya |
|
| 942 |
_cMON _2udc |
||
| 999 |
_c2370 _d2370 |
||